Statistics for Top Skateboard Deck Brands

Click here to take the quiz!

General Stats

  • This quiz has been taken 325 times
  • The average score is 5 of 11

Answer Stats

Answer% Correct
Element
72%
Girl
67%
Plan B
60%
Zero
57%
Birdhouse
49%
Enjoi
41%
Flip
41%
Almost
39%
Blind
36%
Toy Machine
32%
Darkstar
24%

Score Distribution

Percentile by Number Answered

Percent of People with Each Score

Your Score History

You have not taken this quiz